| 000 | 00538cam a22002171 4500 | ||
|---|---|---|---|
| 001 | sa 66006997 | ||
| 003 | DLC | ||
| 005 | 20260227112300.0 | ||
| 008 | 890612s1965 ii 000 0 urdr | ||
| 010 | _asa 66006997 | ||
| 035 | _a(OCoLC)19854775 | ||
| 040 |
_aDLC _cWaU _dDLC |
||
| 042 | _apremarc | ||
| 050 | 0 | 0 |
_aPK2182 _b.A45 |
| 110 | 2 |
_aAligarh Muslim University. _bDepartment of Urdu. |
|
| 245 | 1 | 0 | _aIntik̲h̲āb-i nas̲r. |
| 260 | _c[1965] | ||
| 300 |
_a151 p. _c25 cm. |
||
| 500 | _aIn Urdu. | ||
| 650 | 0 | _aUrdu literature. | |
| 999 |
_c70859 _d70859 |
||